000
00335nam a2200145Ia 4500
005
20250423100740.0
008
250422s9999 xx 000 0 und d
020
_a
0782112412
245
0
_a
Quick access guide to netware 4.01 networks
260
_a
USA
260
_b
Novell press
260
_c
1993
300
_a
177 p
942
_c
BK
999
_c
34229
_d
34229